000 05010cam a2200829 i 4500
001 21921645
003 NUST
005 20220829150910.0
008 210302t20212021enka c 000 0 eng d
010 _a 2021934216
015 _aGBC1A9386
_2bnb
016 7 _a020256521
_2Uk
020 _a9780500545355
_q(hardcover)
020 _a0500545359
_q(hardcover)
035 _a(OCoLC)on1263804257
038 _aAzhar
040 _aUKMGB
_beng
_cUKMGB
_erda
_dOCLCO
_dERASA
_dOCLCF
_dTOH
_dYDX
_dCDX
_dYDX
_dCPL
_dOCL
_dOCLCO
_dBDX
_dDPL
_dHQD
_dOCL
_dOCLCO
_dWIS
_dPAU
_dDLC
042 _alccopycat
043 _an-us---
050 0 0 _aTR655
_b.B54252 2021
082 0 4 _a779.092
_223
082 0 4 _a779.20973
_bBLA
100 1 _aBlack, Matt,
_ephotographer,
_eauthor.
_998406
240 1 0 _aPhotographs.
_kSelections
245 1 0 _aAmerican geography :
_ba reckoning with a dream
_cMatt Black.
260 _aLondon :
_bThames & Hudson Ltd,
_c2021.
300 _a167 pages :
_billustrations ;
_c27 x 27 cm
336 _astill image
_bsti
_2rdacontent
336 _atext
_btxt
_2rdacontent
337 _aunmediated
_bn
_2rdamedia
338 _avolume
_bnc
_2rdacarrier
500 _a"With 97 Illustrations."
505 0 _aSouth and West -- South and East -- North and East -- North and West.
520 _aAmerican Geography' is the visual record of Magnum photographer Matt Black's five-year, 100,000-mile road trip across 46 states of the United States, plus Puerto Rico. It examines the conditions of powerlessness, prejudice and pragmatism among America's poor. The project originated in Matt Black's exploration of his own home town in California's rural Central Valley - a place that has been called 'the other California' - where one third of the population lives in poverty. Travelling out from that location in 2015, he went on to visit designated 'poverty areas' - places with poverty rates of above 20% as defined by the US census. He found that, rather than being anomalies, 'poverty areas' are never more than two-hour's drive apart. They are woven throughout the fabric of the country, yet are cut off from the 'land of opportunity'. Matt Black's compelling black and white photographs, from which one can trace a line back to the FSA Photographers of the 1930s and 1940s such as Walker Evans and Dorothea Lange, are accompanied by his own travelogue - an eclectic combination of observations, overheard conversations in cafes and city buses, diner menus, bus timetables, historical facts and echoes from daily news reports - which enrich the vivid portrait of these 'states of un-America.'
600 1 0 _aBlack, Matt.
_998406
648 7 _a2000-2099
_2fast
_919929
650 0 _aDocumentary photography.
_998407
650 0 _aPhotography, Artistic.
_934021
650 0 _aPoverty
_zUnited States
_vPictorial works.
_998408
650 0 _aPoor
_zUnited States
_vPortraits.
_998409
650 6 _aPhotographie documentaire.
_998410
650 6 _aPhotographie artistique.
_998411
650 6 _aPauvreté
_zÉtats-Unis
_vOuvrages illustrés.
_998412
650 7 _adocumentary photography.
_2aat
_998413
650 7 _aart photography.
_2aat
_998414
650 7 _aPHOTOGRAPHY
_xGeneral.
_2bisacsh
_998415
650 7 _aSocial conditions.
_2fast
_0(OCoLC)fst01919811
_97457
650 7 _aRural conditions.
_2fast
_0(OCoLC)fst01101474
_998416
650 7 _aPoverty.
_2fast
_0(OCoLC)fst01074093
_938043
650 7 _aPoor.
_2fast
_0(OCoLC)fst01071040
_96802
650 7 _aEconomic history.
_2fast
_0(OCoLC)fst00901974
650 7 _aDocumentary photography.
_2fast
_0(OCoLC)fst00896093
_998606
650 7 _aPhotography, Artistic.
_2fast
_0(OCoLC)fst01061964
_934021
651 0 _aUnited States
_xHistory
_y21st century
_vPictorial works.
_998417
651 0 _aUnited States
_xSocial conditions
_y21st century
_vPictorial works.
_998418
651 0 _aUnited States
_xEconomic conditions
_y21st century
_vPictorial works.
_998419
651 0 _aUnited States
_xRural conditions
_y21st century
_vPictorial works.
_998420
651 6 _aÉtats-Unis
_xHistoire
_y21e siècle
_vOuvrages illustrés.
_998421
651 6 _aÉtats-Unis
_xConditions sociales
_y21e siècle
_vOuvrages illustrés.
_998422
651 6 _aÉtats-Unis
_xConditions économiques
_y21e siècle
_vOuvrages illustrés.
_998423
651 7 _aUnited States.
_2fast
_0(OCoLC)fst01204155
655 7 _aPortraits.
_2fast
_0(OCoLC)fst01423831
_998424
655 7 _aHistory.
_2fast
_0(OCoLC)fst01411628
_913777
655 7 _aPictorial works.
_2fast
_0(OCoLC)fst01423874
_981105
655 7 _aIllustrated works.
_2lcgft
_0http://id.loc.gov/authorities/genreForms/gf2014026111
_994792
655 7 _aPortraits.
_2lcgft
_0http://id.loc.gov/authorities/genreForms/gf2017027254
_998424
655 7 _aCatalogs.
_2lcgft
_0http://id.loc.gov/authorities/genreForms/gf2014026057
_998425
906 _a7
_bcbc
_ccopycat
_d2
_encip
_f20
_gy-gencatlg
942 _2ddc
_cLC
999 _c591295
_d591295